Las Constituciones de la 1©ı Republica : (Registro nro. 50159)

Detalles MARC
000 -LEADER
fixed length control field 01216nam a2200277 4500
001 - CONTROL NUMBER
control field 0000021920
003 - CONTROL NUMBER IDENTIFIER
control field CO-CtgCURN
005 - DATE AND TIME OF LATEST TRANSACTION
control field 20251001222523.0
008 - FIXED-LENGTH DATA ELEMENTS--GENERAL INFORMATION
fixed length control field 160627s2011 000 0 eng d
020 ## - INTERNATIONAL STANDARD BOOK NUMBER
International Standard Book Number 9789588392295
040 ## - CATALOGING SOURCE
Original cataloging agency CO-CtgCURN
Language of cataloging spa
Transcribing agency coctgcurn
082 0# - DEWEY DECIMAL CLASSIFICATION NUMBER
Classification number 342.86144
Item number C766
245 04 - TITLE STATEMENT
Title Las Constituciones de la 1©ı Republica :
Remainder of title memorias del coloquio conmemorativo del bicentenario de la Constitucion de la Republica de Tunja de 1811 /
Statement of responsibility, etc. Antonio Aljure Salame...[et. al].
260 ## - PUBLICATION, DISTRIBUTION, ETC.
Place of publication, distribution, etc. Bogotá :
Name of publisher, distributor, etc. Academia Colombiana de Jurisprudencia,
Date of publication, distribution, etc. 2011.
300 ## - PHYSICAL DESCRIPTION
Extent 359 p.
336 ## - CONTENT TYPE
Source rdacontent
337 ## - MEDIA TYPE
Source rdamedia
Media type term sin mediacion
Media type code n
338 ## - CARRIER TYPE
Source rdacarrier
Carrier type term volumen
Carrier type code nc
505 8# - FORMATTED CONTENTS NOTE
Formatted contents note Acto de instalacion.--La Constitucion de la Republica de Tunja y su significado.--El Constitucionalismo de la 1©ı Republica y su legado.--Los personajes de la 1©ı Republica
650 #0 - SUBJECT ADDED ENTRY--TOPICAL TERM
Topical term or geographic name entry element Tunja (Colombia)
Form subdivision historia
General subdivision Constitucion.
700 1# - ADDED ENTRY--PERSONAL NAME
Personal name Arenas Monsalve, Gerardo.
908 ## - PUT COMMAND PARAMETER (RLIN)
Put command parameter 160627
942 ## - ADDED ENTRY ELEMENTS (KOHA)
Koha item type Libros
Classification part 342.86144
Item part C766
Source of classification or shelving scheme Dewey Decimal Classification
999 ## - SYSTEM CONTROL NUMBERS (KOHA)
-- 2
Existencias
Withdrawn status Lost status Source of classification or shelving scheme Damaged status Not for loan Home library Current library Shelving location Date acquired Total checkouts Full call number Barcode Date last seen Copy number Price effective from Koha item type
    Dewey Decimal Classification     Miguel Henríquez Castañeda Miguel Henríquez Castañeda General 03/04/2019   342.86144 C766 016279 03/04/2019 ej.1 03/04/2019 Libros
    Dewey Decimal Classification     Miguel Henríquez Castañeda Miguel Henríquez Castañeda General 03/04/2019   342.86144 C766 017587 03/04/2019 ej.2 03/04/2019 Libros